000 00753nam a2200277 i 4500
001 C2-0247261
003 PPAK
005 20180727211851.0
008 030326s2001 enka|||| ||||| | eng d
020 _a0751313645
040 _aPPAK
_beng
_cPPAK
_erda
082 0 4 _a363.348
_223
090 0 0 _a363.348
_bATT
_dR
100 1 _aWatts, Claire,
_eauthor
245 1 0 _aRescue
264 1 _aLondon :
_bDorling Kindersley ,
_c2001
300 _a61 pages :
_bcolour illustrations ;
_c29 cm
336 _2rdacontent
_atext
337 _2rdamedia
_aunmediated
338 _2rdacarrier
_avolume
490 1 _aEyewitness guides
500 _aIncludes index
650 1 0 _aRescues ; Life saving ; Courage
830 0 _aEyewitness guides
942 _ddc
_cB
999 _c61140
_d61140